[Event "24th ch-EUR Indiv 2024"]
[Site "Petrovac MNE"]
[Date "2024.11.09"]
[Round "2.106"]
[White "Tsanatsqenishvili, Alexandre"]
[Black "Djukic, Nikola"]
[Result "1/2-1/2"]
[BlackTitle "GM"]
[WhiteElo "1987"]
[BlackElo "2499"]
[WhiteFideId "13626000"]
[BlackFideId "922412"]
[EventDate "2024.11.08"]

1. e4 c5 2. Nf3 d6 3. d4 cxd4 4. Nxd4 Nf6 5. Nc3 Nc6 6. Bc4 e6 7. O-O Be7 8. Bb3
O-O 9. Be3 Bd7 10. f4 Nxd4 11. Bxd4 Bc6 12. Qd3 b5 13. a3 a5 14. Rae1 b4 15.
axb4 axb4 16. Nd1 Qb8 17. Qg3 Ba4 18. Ne3 Bxb3 19. cxb3 g6 20. Qg5 Qd8 21. Qh6
Ra5 22. e5 dxe5 23. Bxe5 Ne8 24. Rd1 Qb6 25. Rf3 f6 26. Bd4 Qa6 27. Qh3 Ng7 28.
Kh1 Rd8 29. Rff1 h5 30. Qf3 Kh7 31. Rfe1 Rb5 32. h3 Qb7 33. Qe2 Rd7 34. Nc4 Rbd5
35. Bf2 Rxd1 36. Rxd1 Rxd1+ 37. Qxd1 Qe4 38. Qd2 Nf5 39. Kg1 h4 40. Qe1 Qxe1+
41. Bxe1 Bc5+ 42. Kf1 Kh6 43. Ke2 g5 44. fxg5+ Kxg5 45. Bd2+ Kg6 46. Kd3 Ne7 47.
Be1 Nd5 48. Ke4 Be7 49. Kf3 f5 50. Ne5+ Kg5 51. Nc6 Bd6 52. Nd8 Kh5 53. Nxe6 Be5
54. Nc5 Bxb2 55. Nd3 Bc3 56. Bf2 Bd2 57. Bc5 Kg5 58. Bd6 Kf6 59. Be5+ Kf7 60.
Bd4 Ke6 61. Bc5 Kf6 62. Bf2 Kg5 63. Ne5 Bc3 64. Nd3 Nc7 65. Bc5 Ne6 66. Be7+ Bf6
67. Bxf6+ Kxf6 68. Nxb4 Nd4+ 69. Kf4 Nxb3 70. Nd5+ Kg6 71. Ne7+ Kh5 72. Nxf5 Nc5
73. Ng7+ Kg6 74. Kg4 Kxg7 75. Kxh4 1/2-1/2

[Event "24th ch-EUR Indiv 2024"]
[Site "Petrovac MNE"]
[Date "2024.11.09"]
[Round "2.107"]
[White "Sanikidze, Tornike"]
[Black "Parligras, Cosmin"]
[Result "1-0"]
[WhiteTitle "GM"]
[WhiteElo "2437"]
[BlackElo "2182"]
[WhiteFideId "13602608"]
[BlackFideId "1206494"]
[EventDate "2024.11.08"]

1. e4 d6 2. d4 Nf6 3. Nc3 e5 4. Nf3 Nbd7 5. Bc4 Be7 6. O-O O-O 7. Re1 c6 8. a4
a5 9. b3 h6 10. Bf1 Re8 11. Bb2 Qc7 12. h3 Nf8 13. g3 Ng6 14. Bg2 Be6 15. Qe2
Rad8 16. Rad1 Bf8 17. Kh2 Be7 18. Nb1 Bc8 19. Nbd2 Bf8 20. dxe5 dxe5 21. Nc4 Bb4
22. Rf1 Rxd1 23. Rxd1 Nd7 24. Qd3 b5 25. Nd6 Bxd6 26. Qxd6 Qxd6 27. Rxd6 bxa4
28. Rxc6 axb3 29. cxb3 Ndf8 30. Rc5 Be6 31. Nxe5 Rb8 32. Nxg6 Nxg6 33. Rxa5 Rxb3
34. Ba1 Rd3 35. f4 Bc4 36. f5 Nf8 37. Ra4 Bb5 38. Rb4 Ba6 39. Rb6 Bc4 40. Rc6
Bb5 41. Rc5 Ba6 42. Bc3 Rd8 43. Ra5 Bb7 44. Rb5 Ba8 45. e5 Bxg2 46. Kxg2 Rc8 47.
Bd4 Rd8 48. Rb4 Re8 49. Rb7 Rd8 50. e6 Rxd4 51. exf7+ Kh7 52. Rb8 Rd2+ 53. Kf1
Rd6 54. Rxf8 Rf6 55. g4 g6 56. Rg8 1-0

[Event "24th ch-EUR Indiv 2024"]
[Site "Petrovac MNE"]
[Date "2024.11.09"]
[Round "2.108"]
[White "Piorun, Kacper"]
[Black "Modric, Milos"]
[Result "1-0"]
[WhiteTitle "GM"]
[WhiteElo "2580"]
[BlackElo "2066"]
[WhiteFideId "1130420"]
[BlackFideId "981052"]
[EventDate "2024.11.08"]

1. e4 d5 2. exd5 Qxd5 3. h3 Nf6 4. Nf3 c6 5. d4 Bf5 6. Be2 e6 7. O-O Nbd7 8. c4
Qa5 9. Bf4 Be7 10. a3 O-O 11. Nbd2 Qb6 12. b4 Ne4 13. Nxe4 Bxe4 14. Nd2 Nf6 15.
Nb3 Qd8 16. Nc5 Bxc5 17. bxc5 b6 18. Bd6 Re8 19. Qb3 Bg6 20. f3 bxc5 21. dxc5
Qc8 22. f4 Rd8 23. Rad1 Ne4 24. Bf3 Rd7 25. Rfe1 f5 26. Bxe4 fxe4 27. Rb1 Qd8
28. Red1 Qh4 29. Qe3 Rad8 30. Rd2 Qh6 31. Rdb2 e5 32. Bxe5 Rd3 33. Qe1 Qh5 34.
Rb8 h6 35. Rxd8+ Rxd8 36. Bd6 Qf5 37. Rb7 Rd7 38. g4 Qf7 39. Rb8+ Kh7 40. f5
Bxf5 41. gxf5 Qxf5 42. Rb2 Rd8 43. Qg3 Qf7 44. Rf2 Qxc4 45. Qe5 Qc1+ 46. Kh2 Qe3
47. Rg2 Rg8 48. Bf8 g6 49. Rb2 1-0

[Event "24th ch-EUR Indiv 2024"]
[Site "Petrovac MNE"]
[Date "2024.11.09"]
[Round "2.109"]
[White "Kanyamarala, Trisha"]
[Black "Zhou, Yang-Fan"]
[Result "0-1"]
[WhiteTitle "WIM"]
[BlackTitle "IM"]
[WhiteElo "2171"]
[BlackElo "2418"]
[WhiteFideId "45004722"]
[BlackFideId "468584"]
[EventDate "2024.11.08"]

1. d4 Nf6 2. c4 g6 3. Nc3 Bg7 4. e4 d6 5. Be2 O-O 6. Be3 e5 7. d5 Ne8 8. Qd2 f5
9. exf5 gxf5 10. f4 e4 11. O-O-O c5 12. Nh3 a6 13. Ng5 Qe7 14. g4 b5 15. Ne6 b4
16. Na4 Bxe6 17. dxe6 Qxe6 18. gxf5 Qxf5 19. Rhg1 Nc6 20. Rg5 Qf7 21. Nb6 Ra7
22. Bh5 Qe6 23. Bxe8 Qxe8 24. Qxd6 Nd4 25. Qxc5 Ne6 26. Qd5 Kh8 27. Rg4 Re7 28.
Rdg1 Qf7 29. Qd2 Rb7 30. Qd5 Qf6 31. R1g2 Rxb6 32. Bxb6 Nxf4 33. Qg5 Nxg2 34.
Qxf6 Rxf6 35. Ba7 Rf7 36. Bb6 Nf4 37. Be3 Nd3+ 38. Kc2 Re7 39. c5 Bxb2 40. c6
Re6 41. c7 Rc6+ 42. Kd1 Rxc7 43. Rxe4 Bc3 44. Ke2 Ne5 45. Bb6 Rd7 46. Ba5 Rd2+
47. Kf1 Rxa2 0-1

[Event "24th ch-EUR Indiv 2024"]
[Site "Petrovac MNE"]
[Date "2024.11.09"]
[Round "2.110"]
[White "Fernandez, Daniel Howard"]
[Black "Olcum, Ahmet"]
[Result "1-0"]
[WhiteTitle "GM"]
[BlackTitle "FM"]
[WhiteElo "2503"]
[BlackElo "2180"]
[WhiteFideId "5801605"]
[BlackFideId "6311393"]
[EventDate "2024.11.08"]

1. e4 d6 2. d4 g6 3. Nc3 Bg7 4. Be3 a6 5. Qd2 Nd7 6. h4 Ngf6 7. f3 b5 8. a4 b4
9. Nce2 c5 10. Nh3 Bb7 11. Nf2 Qc7 12. d5 Nh5 13. Nd3 a5 14. g4 c4 15. gxh5 cxd3
16. cxd3 Ne5 17. Kf2 Ba6 18. Ng3 Rc8 19. h6 Bf6 20. d4 Nc4 21. Bxc4 Qxc4 22.
Rhc1 Qb3 23. Rxc8+ Bxc8 24. Bg5 Bxg5 25. hxg5 O-O 26. Rc1 Bd7 27. Qc2 Bxa4 28.
Qxb3 Bxb3 29. Rc7 Rb8 30. Rxe7 a4 31. Nf1 Kf8 32. Ra7 Bc2 33. e5 a3 34. bxa3 b3
35. e6 b2 36. Rxf7+ Kg8 37. Nd2 Bb3 38. Rg7+ Kh8 39. Rd7 Kg8 40. Rxd6 Ba2 41. e7
Re8 42. Rd8 Kf7 43. d6 b1=Q 44. Nxb1 Bxb1 45. a4 Bd3 46. Ke3 Ba6 47. d5 1-0

[Event "24th ch-EUR Indiv 2024"]
[Site "Petrovac MNE"]
[Date "2024.11.09"]
[Round "2.111"]
[White "Malek, Jan"]
[Black "Ramaj, Ergit"]
[Result "1-0"]
[WhiteTitle "IM"]
[WhiteElo "2499"]
[BlackElo "2180"]
[WhiteFideId "21864080"]
[BlackFideId "4703669"]
[EventDate "2024.11.08"]

1. d4 Nf6 2. c4 e6 3. Nf3 d5 4. Nc3 Bb4 5. e3 O-O 6. Bd2 b6 7. cxd5 exd5 8. Rc1
a6 9. Ne5 Bb7 10. Bd3 Nbd7 11. f4 Bd6 12. Qf3 c5 13. O-O b5 14. Be1 cxd4 15.
exd4 b4 16. Qh3 h6 17. Ne2 Bc8 18. Qf3 Ne4 19. Bc2 Bb7 20. Ng3 Nxg3 21. Bxg3 Rc8
22. Qd3 f5 23. h3 Nb6 24. Ng6 Rf7 25. Nh4 Qf6 26. Kh2 g6 27. Nf3 Rfc7 28. Rf2
Nc4 29. Rb1 a5 30. Ne5 Bf8 31. Qb3 Kg7 32. Nf3 Bc6 33. Bh4 Qd6 34. Ne5 Nxe5 35.
fxe5 Qe6 36. g4 Rf7 37. gxf5 gxf5 38. Rg1+ Kh8 39. Qg3 Be7 40. Bxf5 Bxh4 41.
Qxh4 Rxf5 42. Rxf5 Bd7 43. Rf6 Rc2+ 44. Kh1 1-0

[Event "24th ch-EUR Indiv 2024"]
[Site "Petrovac MNE"]
[Date "2024.11.09"]
[Round "2.112"]
[White "Gines Esteo, Pedro Antonio"]
[Black "Allahverdiyeva, Ayan"]
[Result "1-0"]
[WhiteTitle "GM"]
[BlackTitle "WIM"]
[WhiteElo "2492"]
[BlackElo "2174"]
[WhiteFideId "32080190"]
[BlackFideId "13412590"]
[EventDate "2024.11.08"]

1. c4 b6 2. Nc3 Bb7 3. e4 e5 4. Nf3 Nc6 5. a3 a5 6. d4 exd4 7. Nxd4 a4 8. Ndb5
Nf6 9. Bf4 d6 10. Nd5 Rc8 11. Nbc3 Ra8 12. Nb5 Rc8 13. Nbc3 Ra8 14. Be2 Ne5 15.
O-O Bc6 16. Nb5 Bxb5 17. cxb5 Nfd7 18. Bg3 Nc5 19. f4 Ned7 20. Bc4 Be7 21. Qf3
O-O 22. Rad1 Rc8 23. Be1 Re8 24. Nb4 Bf8 25. Nc6 Qf6 26. Bc3 Qg6 27. e5 Qe4 28.
Rd4 Qxf3 29. Rxf3 Nb8 30. Nb4 Rcd8 31. g4 Ne6 32. Rd5 dxe5 33. fxe5 Bc5+ 34. Kg2
Rxd5 35. Nxd5 Nd7 36. Nxc7 Nxc7 37. Rxf7 Nf8 38. Rxc7+ Kh8 39. e6 Be7 40. Rc6
Ng6 41. Rxb6 Rf8 42. Rb7 Rc8 43. b6 Nf4+ 44. Kf3 Ng6 45. Rc7 1-0

[Event "24th ch-EUR Indiv 2024"]
[Site "Petrovac MNE"]
[Date "2024.11.09"]
[Round "2.113"]
[White "Akbas, Umut Ata"]
[Black "Pipiras, Filipa Fortuna"]
[Result "1-0"]
[WhiteTitle "IM"]
[BlackTitle "FM"]
[WhiteElo "2466"]
[BlackElo "2166"]
[WhiteFideId "44572646"]
[BlackFideId "1944894"]
[EventDate "2024.11.08"]

1. e4 c5 2. Nf3 e6 3. d4 cxd4 4. Nxd4 Nc6 5. Nc3 Qc7 6. Be3 a6 7. a3 b5 8. Nxc6
dxc6 9. Be2 e5 10. O-O Be6 11. f4 Rd8 12. Qe1 exf4 13. Bxf4 Bd6 14. e5 Bxe5 15.
Bh5 Bd4+ 16. Kh1 Qd7 17. Rd1 Qe7 18. Ne4 Nf6 19. Bd6 Rxd6 20. Nxd6+ Qxd6 21.
Rxd4 Qe7 22. Bf3 Qc5 23. Qb4 Qxb4 24. axb4 Nd5 25. Ra1 Kd7 26. Rxa6 Kc7 27. Kg1
h5 28. h4 g6 29. Kf2 Kb7 30. Ra1 Kb6 31. c3 Re8 32. Ra5 Ne7 33. Rd1 Nd5 34. g3
Rg8 35. Bxd5 Bxd5 36. Rda1 Kc7 37. Ra8 Rg7 38. Rh8 Kd6 39. Raa8 Ke5 40. Rhe8+
Kf5 41. Ra7 g5 42. hxg5 Rxg5 43. Rae7 Kg4 44. Re5 Rxe5 45. Rxe5 h4 46. gxh4 Kxh4
47. Re8 Kg4 48. Rc8 Kf5 49. Ke3 Ke5 50. Re8+ Be6 51. Kd3 Kd6 52. Kd4 Bg4 53. Re4
Be6 54. Rf4 Bd5 55. Rf6+ Kd7 56. Kc5 Be6 57. b3 Kc7 58. c4 bxc4 59. bxc4 Kb7 60.
Rxe6 fxe6 61. Kd6 Kb6 62. Kxe6 Kc7 63. c5 Kc8 64. Kd6 Kb7 65. Kd7 1-0

[Event "24th ch-EUR Indiv 2024"]
[Site "Petrovac MNE"]
[Date "2024.11.09"]
[Round "2.114"]
[White "Tamas, Christian-Arrydan"]
[Black "Kanyamarala, Tarun"]
[Result "0-1"]
[BlackTitle "IM"]
[WhiteElo "2166"]
[BlackElo "2371"]
[WhiteFideId "1283740"]
[BlackFideId "45004714"]
[EventDate "2024.11.08"]

1. d4 d5 2. c4 e6 3. Nc3 c6 4. e3 Nf6 5. Nf3 Nbd7 6. Be2 Bd6 7. O-O O-O 8. b3 b6
9. Bb2 Bb7 10. Bd3 Re8 11. Rc1 a6 12. Re1 h6 13. Rc2 dxc4 14. bxc4 c5 15. d5
exd5 16. Nxd5 Ne5 17. Be2 Ne4 18. Qa1 Nxf3+ 19. Bxf3 Bxd5 20. cxd5 Qh4 21. g3
Qg5 22. Bg2 Qg6 23. Rce2 c4 24. Bd4 b5 25. f3 Nc5 26. e4 Nd3 27. Rf1 Bc5 28.
Bxc5 Nxc5 29. Qd4 Qb6 30. f4 b4 31. e5 Rac8 32. d6 c3 33. Bd5 a5 34. f5 Na4 35.
Qxb6 Nxb6 36. Bxf7+ Kxf7 37. e6+ Kf8 38. d7 a4 39. f6 gxf6 40. Rxf6+ Ke7 41.
dxe8=Q+ Rxe8 42. Rf3 Nd5 43. Kf2 b3 44. axb3 axb3 45. Rf7+ Kd6 46. Rb7 c2 47.
Re1 Rxe6 48. Rc1 Re3 49. Rxb3 Rxb3 50. Rxc2 Ke5 51. Ra2 Ke4 52. h3 Rf3+ 53. Kg2
Ne3+ 54. Kh2 Rf1 55. Ra6 Rf2+ 56. Kg1 Rf1+ 57. Kh2 h5 58. Rh6 Rf5 59. g4 hxg4
60. Re6+ Kf3 61. hxg4 Rf8 62. Ra6 Rh8+ 63. Kg1 Rb8 64. Ra3 Rb2 65. g5 Re2 66. g6
Rg2+ 67. Kh1 Rxg6 68. Kh2 Rh6+ 69. Kg1 Rh3 70. Rb3 Rh8 71. Ra3 Rh7 72. Rb3 Ra7
73. Kh2 Ra5 74. Kg1 Ra2 75. Rb8 Ra1+ 76. Kh2 Ng4+ 0-1

[Event "24th ch-EUR Indiv 2024"]
[Site "Petrovac MNE"]
[Date "2024.11.09"]
[Round "2.115"]
[White "Gasparyan, Erik R."]
[Black "Guleryuz, Kuzey"]
[Result "1-0"]
[WhiteTitle "FM"]
[WhiteElo "2371"]
[BlackElo "2158"]
[WhiteFideId "13315730"]
[BlackFideId "44500203"]
[EventDate "2024.11.08"]

1. d4 d5 2. Nf3 Nf6 3. c4 c6 4. Nc3 e6 5. Bg5 h6 6. Bh4 dxc4 7. e4 g5 8. Bg3 b5
9. Be2 Bb7 10. O-O a6 11. Ne5 Bg7 12. Nxf7 Kxf7 13. e5 Nd5 14. Ne4 Bf8 15. Bh5+
Kg8 16. f4 Ne3 17. Qd2 Nf5 18. Nf6+ Kg7 19. fxg5 Bc5 20. gxh6+ Kf8 21. Kh1 Bxd4
22. Qg5 1-0

[Event "24th ch-EUR Indiv 2024"]
[Site "Petrovac MNE"]
[Date "2024.11.09"]
[Round "2.116"]
[White "Asllani, Muhamet"]
[Black "Wallace, John Paul"]
[Result "0-1"]
[BlackTitle "IM"]
[WhiteElo "2157"]
[BlackElo "2368"]
[WhiteFideId "22100300"]
[BlackFideId "3200957"]
[EventDate "2024.11.08"]

1. e4 c5 2. Nf3 Nc6 3. d4 cxd4 4. Nxd4 Nf6 5. Nc3 e5 6. Ndb5 d6 7. Bg5 a6 8.
Bxf6 gxf6 9. Na3 f5 10. Nd5 fxe4 11. Nc4 Be6 12. Ncb6 Nb4 13. c3 Nxd5 14. Nxd5
Rc8 15. Qa4+ b5 16. Qxe4 f5 17. Qf3 Rc5 18. Nb4 a5 19. Na6 e4 20. Qe3 Re5 21.
Qa7 Qe7 22. Nc7+ Kf7 23. Bxb5 Rc5 24. Qxa5 Qxc7 25. Qb4 d5 26. Be2 Bd6 27. Qd4
Be5 28. Qd2 f4 29. Bh5+ Ke7 30. O-O Rg8 31. Kh1 f3 32. gxf3 Bf4 33. Qe2 Bxh2 34.
Rae1 Qf4 35. Bg4 Qh6 36. Rg1 Bxg1+ 37. Kxg1 Qg5 38. Qa6 Bxg4 39. fxg4 Qxg4+ 40.
Kf1 Qh3+ 41. Ke2 Qf3+ 42. Kd2 Qxf2+ 43. Re2 Qf4+ 44. Kc2 Qd6 45. Qa7+ 0-1

[Event "24th ch-EUR Indiv 2024"]
[Site "Petrovac MNE"]
[Date "2024.11.09"]
[Round "2.117"]
[White "Goroshkov, Maksym"]
[Black "Doraszelski, Alexander"]
[Result "1-0"]
[WhiteTitle "FM"]
[WhiteElo "2368"]
[BlackElo "2156"]
[WhiteFideId "14142716"]
[BlackFideId "12996149"]
[EventDate "2024.11.08"]

1. d4 d5 2. c4 e6 3. Nf3 a6 4. cxd5 exd5 5. Nc3 c6 6. Qb3 Nf6 7. Bg5 Be7 8. e3
O-O 9. Bd3 Nbd7 10. O-O Re8 11. Qc2 g6 12. Rae1 Nf8 13. Ne5 Ne6 14. Bh4 c5 15.
Qa4 Kg7 16. Rd1 cxd4 17. exd4 Nf4 18. Bg5 Nxd3 19. Nxd3 Ne4 20. Bf4 Be6 21. Rc1
Rc8 22. Rfe1 Rc4 23. Qd1 Nxc3 24. Rxc3 Qa5 25. Be5+ Kg8 26. Rxc4 dxc4 27. Nf4
Bd7 28. Re3 Bf8 29. Nh5 Be7 30. d5 Bd8 31. Bc3 Qc5 32. Rxe8+ Bxe8 33. Ng3 f5 34.
Qe2 Qe7 35. Qxc4 Bf7 36. Qd4 1-0

[Event "24th ch-EUR Indiv 2024"]
[Site "Petrovac MNE"]
[Date "2024.11.09"]
[Round "2.118"]
[White "Marie, Maxime"]
[Black "Citak, Selim"]
[Result "0-1"]
[WhiteTitle "CM"]
[BlackTitle "FM"]
[WhiteElo "2154"]
[BlackElo "2366"]
[WhiteFideId "625590"]
[BlackFideId "6301819"]
[EventDate "2024.11.08"]

1. c4 e6 2. Nf3 d5 3. e3 Nf6 4. Nc3 Bd6 5. b3 O-O 6. Bb2 Re8 7. Nb5 Be7 8. Be5
Na6 9. Be2 c6 10. Nc3 Nc5 11. Qc2 Ncd7 12. Bg3 Nh5 13. d4 g6 14. O-O Nxg3 15.
fxg3 b6 16. e4 Bb7 17. Rad1 Rc8 18. Kh1 Bf6 19. b4 c5 20. dxc5 bxc5 21. exd5
Bxc3 22. Qxc3 exd5 23. Qd2 Qe7 24. Rde1 Qe3 25. Qd1 cxb4 26. Bd3 Qc5 27. Ng5
Rxe1 28. Qxe1 dxc4 29. Rxf7 cxd3 30. Rxd7 Qxg5 31. Qe6+ Kh8 32. h4 Qf5 33. Qe7
Qh3+ 0-1

[Event "24th ch-EUR Indiv 2024"]
[Site "Petrovac MNE"]
[Date "2024.11.09"]
[Round "2.119"]
[White "Goroshchenko, Dmitry"]
[Black "Nemsadze, Daviti"]
[Result "1/2-1/2"]
[BlackTitle "FM"]
[WhiteElo "2141"]
[BlackElo "2366"]
[WhiteFideId "14115336"]
[BlackFideId "13619250"]
[EventDate "2024.11.08"]

1. e4 c5 2. c4 Nc6 3. g3 g6 4. Bg2 Bg7 5. Nc3 d6 6. d3 Rb8 7. Nge2 a6 8. a4 e6
9. O-O Nge7 10. Bf4 O-O 11. Qd2 Na5 12. Ra3 Qb6 13. Rb1 e5 14. Bg5 f6 15. Be3
Nb3 16. Qd1 Nd4 17. a5 Qd8 18. b4 Nec6 19. Bxd4 exd4 20. Nd5 g5 21. b5 axb5 22.
cxb5 Nxa5 23. Qd2 b6 24. Nxb6 Qxb6 25. Qa2+ Kh8 26. Rxa5 Re8 27. Ra8 Rxa8 28.
Qxa8 Bd7 29. Qa2 Be6 30. Qa4 Rb8 31. h4 Bh6 32. hxg5 fxg5 33. f3 Bg7 34. Kh2 c4
35. dxc4 d3 36. Ng1 Be5 37. Qa2 Rc8 38. Qd2 Bxc4 39. Nh3 Be6 40. f4 Bxh3 41.
Kxh3 gxf4 42. Rc1 Rf8 43. Qxd3 fxg3 44. Rf1 Rg8 45. Qb3 Qd8 46. Rf5 Qb6 47. Qb1
Qe3 48. Qd1 Rg6 49. Rxe5 dxe5 50. Qd8+ Kg7 51. Qe7+ 1/2-1/2

[Event "24th ch-EUR Indiv 2024"]
[Site "Petrovac MNE"]
[Date "2024.11.09"]
[Round "2.120"]
[White "Golubka, Petro"]
[Black "Ergazakis, Ioannis"]
[Result "1-0"]
[WhiteTitle "GM"]
[BlackTitle "FM"]
[WhiteElo "2365"]
[BlackElo "2150"]
[WhiteFideId "14114224"]
[BlackFideId "4290976"]
[EventDate "2024.11.08"]

1. d4 Nf6 2. c4 e6 3. a3 d5 4. e3 Nbd7 5. Nf3 b6 6. Nbd2 Bb7 7. Bd3 Bd6 8. b4
dxc4 9. Nxc4 O-O 10. Bb2 Re8 11. Qc2 Bf8 12. O-O Bxf3 13. gxf3 g6 14. b5 Nd5 15.
f4 Qh4 16. Be4 N7f6 17. Bg2 Rac8 18. Qe2 c5 19. bxc6 Rxc6 20. Ne5 Rc7 21. Rfc1
Rec8 22. Rxc7 Rxc7 23. Rc1 Bd6 24. Rxc7 Bxc7 25. h3 Nh5 26. Nc6 a5 27. Qg4 Qxg4
28. hxg4 Nhf6 29. g5 Ne8 30. Bxd5 exd5 31. Ne7+ Kf8 32. Nxd5 Bd8 33. a4 Ng7 34.
Kf1 Ke8 35. Ke2 Kd7 36. e4 Ne8 37. Kd3 f5 38. f3 Ng7 39. Bc1 Nh5 40. Kc4 Ng3 41.
e5 Ne2 42. Be3 Ke6 43. Nf6 1-0

[Event "24th ch-EUR Indiv 2024"]
[Site "Petrovac MNE"]
[Date "2024.11.09"]
[Round "2.121"]
[White "Stoinev, Metodi"]
[Black "Ljepic, Andrej"]
[Result "0-1"]
[BlackTitle "FM"]
[WhiteElo "2138"]
[BlackElo "2365"]
[WhiteFideId "2901404"]
[BlackFideId "980625"]
[EventDate "2024.11.08"]

1. Nf3 Nf6 2. d4 e6 3. Bf4 c5 4. e3 d5 5. c3 Nc6 6. Nbd2 Nh5 7. Bg5 f6 8. Bh4 g6
9. Be2 cxd4 10. Nxd4 Ng7 11. O-O e5 12. Nxc6 bxc6 13. e4 Be7 14. Bf3 O-O 15. Qa4
Bb7 16. Rfd1 Qb6 17. Nb3 Rad8 18. Na5 Ba8 19. b4 h5 20. Bg3 Ne6 21. h4 f5 22.
exd5 cxd5 23. Bxe5 Bxh4 24. g3 Bf6 25. Bxf6 Rxf6 26. Qb3 f4 27. g4 Ng5 28. Bg2
f3 29. Bf1 Rf4 30. Bd3 Rxg4+ 31. Kf1 Nh3 0-1

[Event "24th ch-EUR Indiv 2024"]
[Site "Petrovac MNE"]
[Date "2024.11.09"]
[Round "2.122"]
[White "Voiteanu, Gabriel"]
[Black "Damjanovic, Vuk"]
[Result "0-1"]
[WhiteTitle "FM"]
[BlackTitle "IM"]
[WhiteElo "2132"]
[BlackElo "2364"]
[WhiteFideId "1208810"]
[BlackFideId "980021"]
[EventDate "2024.11.08"]

1. d4 Nf6 2. c4 g6 3. Nc3 Bg7 4. e4 d6 5. Be2 O-O 6. Be3 Na6 7. Nf3 e5 8. Qd2 c6
9. O-O-O Qe7 10. d5 cxd5 11. Nxd5 Nxd5 12. exd5 Bf5 13. Bh6 Bf6 14. Bxf8 Rxf8
15. h4 Nc5 16. Qh6 Bg7 17. Qe3 Qc7 18. b4 Na4 19. Kd2 a5 20. a3 axb4 21. axb4 b5
22. Qb3 e4 23. Ng5 Qb6 24. Ke1 Nb2 25. Rd2 bxc4 26. Bxc4 Nxc4 27. Qxc4 Rc8 28.
Qb3 Bc3 29. Qa2 e3 30. fxe3 Qxe3+ 31. Kd1 Bxd2 32. Qxd2 Bg4+ 0-1

[Event "24th ch-EUR Indiv 2024"]
[Site "Petrovac MNE"]
[Date "2024.11.09"]
[Round "2.123"]
[White "Maltsevskaya, Aleksandra"]
[Black "Arakelyan, Manvel"]
[Result "1/2-1/2"]
[WhiteTitle "IM"]
[BlackTitle "CM"]
[WhiteElo "2364"]
[BlackElo "2140"]
[WhiteFideId "24174041"]
[BlackFideId "13317415"]
[EventDate "2024.11.08"]

1. e4 c6 2. d4 d5 3. exd5 cxd5 4. c4 Nf6 5. Nc3 e6 6. Nf3 Bb4 7. cxd5 Nxd5 8.
Bb5+ Bd7 9. Bxd7+ Nxd7 10. O-O Bxc3 11. bxc3 Rc8 12. Qb3 Rxc3 13. Qxb7 Rc7 14.
Qa6 O-O 15. Ba3 Qc8 16. Qa5 Rd8 17. Rac1 N7b6 18. Bc5 Qb7 19. Rb1 h6 20. Rb3
Rdc8 21. h3 Nf4 22. Qd2 Ng6 23. Qa5 Nf4 24. Re1 Qd5 25. Bxb6 axb6 26. Qxb6 Rc2
27. a4 Qf5 28. Qd6 Nd3 29. Rf1 Nxf2 30. Rb8 Nxh3+ 31. Kh2 Rxb8 32. Qxb8+ Kh7 33.
Qg3 Ng5 34. Nxg5+ Qxg5 35. Qxg5 hxg5 36. Rxf7 Rc4 37. Re7 Rxd4 38. Rxe6 Rh4+ 39.
Kg3 Rxa4 40. Rc6 g6 1/2-1/2

[Event "24th ch-EUR Indiv 2024"]
[Site "Petrovac MNE"]
[Date "2024.11.09"]
[Round "2.124"]
[White "Akhvlediani, Irakli"]
[Black "Horvat, Damjan"]
[Result "1-0"]
[WhiteTitle "FM"]
[WhiteElo "2363"]
[BlackElo "2135"]
[WhiteFideId "13601938"]
[BlackFideId "14545535"]
[EventDate "2024.11.08"]

1. c4 g6 2. d4 Bg7 3. e4 d6 4. Nc3 Nc6 5. Be3 Nf6 6. d5 Nb8 7. h3 O-O 8. Nf3 e6
9. Bd3 exd5 10. cxd5 c6 11. O-O cxd5 12. exd5 Nbd7 13. Rc1 Nc5 14. Bb1 a5 15.
Nd4 Bd7 16. Ndb5 Qb6 17. a4 Rad8 18. Qf3 Bxb5 19. Nxb5 Nfd7 20. b3 Rfe8 21. Rfe1
Bb2 22. Rc2 Bf6 23. Rcc1 Kg7 24. Bf4 Be5 25. Be3 Bf6 26. Re2 Ne5 27. Bh6+ Kxh6
28. Qxf6 Ncd7 29. Qxd6 Nf3+ 30. Kf1 Rxe2 31. Qxb6 Nxb6 32. Kxe2 Ne5 33. f4 Ned7
34. d6 Nd5 35. Kf3 b6 36. Be4 N5f6 37. Rc7 Nc5 38. Bc6 Kg7 39. g4 Nxb3 40. g5
Ne8 41. Bd5 Nd4+ 42. Nxd4 Nxc7 43. dxc7 Rc8 44. Nb5 1-0

[Event "24th ch-EUR Indiv 2024"]
[Site "Petrovac MNE"]
[Date "2024.11.09"]
[Round "2.125"]
[White "Dumbelovic, Novak"]
[Black "Pastar, Slaven"]
[Result "1/2-1/2"]
[BlackTitle "IM"]
[WhiteElo "2123"]
[BlackElo "2361"]
[WhiteFideId "9204525"]
[BlackFideId "14402718"]
[EventDate "2024.11.08"]

1. e4 c5 2. Nf3 e6 3. d4 cxd4 4. Nxd4 Nf6 5. Nc3 Nc6 6. Ndb5 Bc5 7. Bf4 O-O 8.
Bc7 Qe7 9. Bd6 Bxd6 10. Qxd6 Ne8 11. Qxe7 Nxe7 12. O-O-O f5 13. f3 Ng6 14. exf5
Rxf5 15. Bd3 Rf7 16. Bxg6 hxg6 17. Nd6 Nxd6 18. Rxd6 Kf8 19. Rhd1 Rb8 20. Ne4 b6
21. R1d3 Ke7 22. g3 Rf8 23. f4 Rb7 24. Ng5 Rc7 25. Nf3 Rf5 26. R6d4 Rfc5 27. c3
a5 28. h4 Ba6 29. Rd2 d5 30. Ne5 Kf6 31. Rc2 Bb5 32. Kd2 Be8 33. a3 Rc8 34. Rc1
R5c7 35. Re1 b5 36. Ng4+ Kf7 37. Ne5+ Kf6 38. Ng4+ Kf7 39. Ne5+ 1/2-1/2

[Event "24th ch-EUR Indiv 2024"]
[Site "Petrovac MNE"]
[Date "2024.11.09"]
[Round "2.126"]
[White "Yarar, Bora"]
[Black "Celenkovic, Bojan"]
[Result "1-0"]
[WhiteTitle "FM"]
[WhiteElo "2361"]
[BlackElo "2125"]
[WhiteFideId "34588400"]
[BlackFideId "975508"]
[EventDate "2024.11.08"]

1. e4 e5 2. Nf3 Nc6 3. d4 exd4 4. Bc4 Nf6 5. e5 d5 6. Bb5 Ne4 7. Nxd4 Bd7 8.
Bxc6 bxc6 9. O-O Bc5 10. f3 Ng5 11. f4 Ne4 12. Be3 O-O 13. Nd2 Nxd2 14. Qxd2 f6
15. Nf3 Bb6 16. Rae1 Bf5 17. Nd4 Bxd4 18. Bxd4 fxe5 19. Rxe5 Qd7 20. Rf3 Rae8
21. Rg3 Rxe5 22. Bxe5 Rf7 23. Ra3 Be4 24. Rxa7 Qg4 25. Ra8+ Rf8 26. Rxf8+ Kxf8
27. Bxc7 Qd7 28. Bb6 Qb7 29. Bc5+ Kf7 30. b3 Qb5 31. Bf2 c5 32. c3 Qc6 33. Be3
Qb5 34. h3 h5 35. Bf2 Qa5 36. b4 cxb4 37. cxb4 Qb5 38. Bd4 g6 39. Bc5 Kg8 40. a3
Kf7 41. Bf2 Qa4 42. Qc1 Qd7 43. Qc5 Kg8 44. b5 Bd3 45. b6 Ba6 46. Bd4 Kf7 47.
Qa5 Qb7 48. Qe1 Qc6 49. Qe5 Bc8 50. Kh2 Bd7 51. Qg7+ Ke8 52. Bf6 Qd6 53. Qxg6+ 1-0